| 000 | 00950nam0a22002771 4500 | ||
|---|---|---|---|
| 001 | rc\2342273 | ||
| 005 | 20110829151125.7 | ||
| 035 | _a(NLR Aleph) 006679399 | ||
| 090 |
_a5066270 _c5066270 |
||
| 100 | _a20110829d1977 |||y0rusy50 ca | ||
| 101 | 0 | _arus | |
| 102 | _aRU | ||
| 105 | _aa z ||||| | ||
| 200 | 1 |
_aСтереофонический приемник высшего класса _fВ.С. Хмарцев |
|
| 210 |
_aМосква _cЭнергия _d1977 |
||
| 215 |
_a63 с. _cил. _d21 |
||
| 225 | 1 |
_aМассовая радиобиблиотека _vВып. 956 |
|
| 606 |
_aРадиоприемники стереофонические, самодельные _2rkp |
||
| 700 | 1 |
_aХмарцев _bВ. С. _gВалерий Степанович |
|
| 801 | 0 |
_aRU _bNLR _gpsbo |
|
| 801 | 1 |
_aRU _bELAR _2rusmarc |
|
| 852 |
_aNLR _j77-6/8377 |
||
| 899 |
_aRuMoRGB _jБ 77-56/2038 |
||
| 899 |
_aRuMoRGB _jБ 77-56/2039 |
||
| 942 | _cBOOK | ||
| 980 | _aNB | ||